Majetok a záväzky v cudzej mene a účtovná závierka

Prepočet majetku a záväzkov v cudzej mene na menu euro. Prevod peňazí z účtu euro na účet v cudzej mene. Ocenenie prírastku cudzej meny, úbytok cudzej meny a preddavky v cudzej mene. Cudzia mena, postupy účtovania a kurzové rozdiely. Valutová pokladnicaa aoceňovanie valút. Pohľadávky v cudzej mene a...

Ausführliche Beschreibung

Gespeichert in:
Bibliographische Detailangaben
1. Verfasser: Novotná, Ľudmila
Format: Buchkapitel
Sprache:Slowakisch
Schlagworte:
Tags: Tag hinzufügen
Keine Tags, Fügen Sie das erste Tag hinzu!

MARC

LEADER 00000naa a2200000 4500
001 0273614
005 20210519100422.8
041 0 |a slo 
044 |a SK 
245 1 0 |a Majetok a záväzky v cudzej mene a účtovná závierka  |c Ľudmila Novotná 
520 |a Prepočet majetku a záväzkov v cudzej mene na menu euro. Prevod peňazí z účtu euro na účet v cudzej mene. Ocenenie prírastku cudzej meny, úbytok cudzej meny a preddavky v cudzej mene. Cudzia mena, postupy účtovania a kurzové rozdiely. Valutová pokladnicaa aoceňovanie valút. Pohľadávky v cudzej mene a účtovná závierka. 
610 2 0 |a mena 
610 2 0 |a účtovníctvo podvojné 
610 2 0 |a majetok 
610 2 0 |a záväzky 
610 2 0 |a peniaze 
610 2 0 |a preddavky 
610 2 0 |a valuty 
100 1 |a Novotná, Ľudmila